000 00579nam a2200241Ia 4500
003 IT-RoPAU
005 20220918175916.0
008 120407s9999 xx 000 0 und d
040 _aIT-RoPAU
040 _cIT-RoPAU
041 _aita
100 _aHansjurgen Verweyen
_936277
245 _aLa parola definitiva di Dio. Compendio di teologia fondamentale
250 _aBrescia
260 _aQueriniana
260 _c2001
300 _a590 p.
300 _c23 cm
490 _aBiblioteca di teologia contemp.
490 _v1118
942 _cBK
_2ddc
999 _c35930
_d35930